000 00378nam a2200133Ia 4500
999 _c14365
_d14365
003 OSt
005 20260215120432.0
008 260210s9999 xx 000 0 und d
020 _a9781350437593
245 0 _aVersailles Effect, The: Objects, Lives, and Afterlives of the Domaine
250 _aMark Ledbury (Editor)
260 _b Bloomsbury Visual Arts
_c 2024
942 _cUG
_2ddc